Normal view
MARC view
- Descartin, Ivan Khalil Lijauco.
Entry Personal Name
001 - CONTROL NUMBER
- control field: 33
003 - CONTROL NUMBER IDENTIFIER
- control field: URS
005 - DATE AND TIME OF LATEST TRANSACTION
- control field: 20201006115933.0
008 - FIXED-LENGTH DATA ELEMENTS
- fixed length control field: 201006|| aca||aabn | a|a d
040 ## - CATALOGING SOURCE
- Original cataloging agency: URS
100 ## - HEADING--PERSONAL NAME
- Personal name: Descartin, Ivan Khalil Lijauco.
- Relator term: author.